000 00340 a2200133 4500
005 20250526155251.0
020 _a17-435200-X
082 _aLECT 380 LAM
100 _aLAMBERT, K.
245 _aCommerce and Life.
260 _aLondon,
_bNelson,
_c1964.
300 _aviii, 194p.: ill.; figure, map, picture, table,
_c22cm,
942 _2ddc
_cBKS
999 _c2687
_d2687